00725nam a2200181 a 450000100100000000500170001000800410002704000250006808200150009310000340010824500690014226000470021130000210025850000420027959000260032195201790034799900170052600001681020200929164950.0100310s1945 gt 000 0 spa d aDO-SdBNPbspacBNPHU axxxbA683e1 aArévalo, Juan José93724410aEscritos pedagógicos y filosóficos /cJuan José Arévalo. aGuatemala :bTipografía Nacional,c1945. a289 p. ;c22 cm. aIncluye notas al pie de las páginas aInventariado, 2018/LP 001050718RVaPDbPDcHDd2010-03-10iLF1l0oxxx A683ep16810-10r2020-06-25w2020-06-25y1zPerteneció a la biblioteca personal Carlos Larrazabal Blanco.ZNo se presta c16342d16342